000 00333pab a2200145 454500
008 180718b2002 xxu||||| |||| 00| 0 eng d
100 _aNaidu, M. Venkaiah
245 _aRural reconstruction scenario
260 _c2002
300 _ap.40-42.
362 _aOct
650 _aRural development
773 _aYojana
909 _a53901
999 _c53901
_d53901